Stereochemistry: (Record no. 5284)

MARC details
000 -LEADER
fixed length control field 00567nam a22002057a 4500
003 - CONTROL NUMBER IDENTIFIER
control field OSt
005 - DATE AND TIME OF LATEST TRANSACTION
control field 20211124105301.0
008 - FIXED-LENGTH DATA ELEMENTS--GENERAL INFORMATION
fixed length control field 160927b xxu||||| |||| 00| 0 eng d
020 ## - INTERNATIONAL STANDARD BOOK NUMBER
International Standard Book Number 9781848290402
020 ## - INTERNATIONAL STANDARD BOOK NUMBER
International Standard Book Number 8122423566
040 ## - CATALOGING SOURCE
Transcribing agency DDC.
082 ## - DEWEY DECIMAL CLASSIFICATION NUMBER
Classification number 547.1223Kal 2008
100 ## - MAIN ENTRY--PERSONAL NAME
Personal name KAlsi,P.S;
9 (RLIN) 3701
245 ## - TITLE STATEMENT
Title Stereochemistry:
Remainder of title conformation and mechanism
260 ## - PUBLICATION, DISTRIBUTION, ETC. (IMPRINT)
Place of publication, distribution, etc. New Delhi;
Name of publisher, distributor, etc. New Age International Limited ,Publishers.
Date of publication, distribution, etc. 2008.
300 ## - PHYSICAL DESCRIPTION
Extent 603p;
Other physical details col,ill;
Dimensions 25cm.
504 ## - BIBLIOGRAPHY, ETC. NOTE
Bibliography, etc includes index.
650 ## - SUBJECT ADDED ENTRY--TOPICAL TERM
Topical term or geographic name as entry element Chemistry.
9 (RLIN) 797
942 ## - ADDED ENTRY ELEMENTS (KOHA)
Source of classification or shelving scheme Dewey Decimal Classification
Koha item type Open Shelf
Holdings
Withdrawn status Lost status Source of classification or shelving scheme Damaged status Not for loan Home library Current library Date acquired Source of acquisition Inventory number Total Checkouts Full call number Barcode Date last seen Date last checked out Koha item type
    Dewey Decimal Classification     MUST Main Library MUST Main Library 27/09/2016 Purchase 12/36384 3 547.12 KAL 2008 2016-4509 02/08/2022 01/08/2022 Open Shelf
    Dewey Decimal Classification     MUST Main Library MUST Main Library 19/10/2016 Purchase 13/37234   547.12 KAL 2008 2016-4838 19/10/2016   Open Shelf
    Dewey Decimal Classification     MUST Main Library MUST Main Library 24/11/2021 Purchase 12/36383 1 547.12 KAL 2008 2021-1861 01/08/2022 30/07/2022 Open Shelf